000 00777nam a2200241 a 4500
001 00015156
003 DO-SdBNP
005 20150909105932.0
007 00015156
008 150818s2001 000 spa d
020 _a842162122X
040 _aBPMSU
_bspa
_cBPMSU
245 0 _aLengua española :
_b nivel básico /
_ccolaboradora María C. Liriano Brito
260 _aSanto Domingo :
_bSusaeta
_c2001.
300 _av. :
_bil. ;
_c30 cm.
490 _aProyecto dominicano
_atodo libro
700 _4Liriano Brito, María C.
_ecol.
830 _pProyecto dominicano (República Dominicana )
930 1 _lBND01
_mLF1
_820150818
_f01
_pOI
_g50156
942 _2ddc
_cBK
956 _aDGARCIA
_b10
_c20150818
_lBND01
_h1007
956 _aVMATEO
_b10
_c20150909
_lBPMSU
_h000151
999 _c8245
_d8245